| 000 | 01496nam a2200385Ii 4500 | ||
|---|---|---|---|
| 001 | DIGUAL0110 | ||
| 003 | NyNyDIG | ||
| 006 | m o d | ||
| 007 | cr ||||||||||| | ||
| 008 | 131101s2003 sp ab obc 000 0 spa d | ||
| 020 | _z9788479087425 | ||
| 020 | _z8479087420 | ||
| 035 | _a(OCoLC)644716690 | ||
| 040 |
_aDGITA _beng _epn _cDGITA |
||
| 050 | 1 | 4 | _aCJ3199.V34 eBook |
| 100 | 1 | _aDoménech Belda, Carolina. | |
| 245 | 1 | 0 |
_aDinares, dirhames y feluses : _bcirculación monetaria islámica en el País Valenciano / _cCarolina Doménech Belda. |
| 264 | 1 |
_aSan Vicente del Raspeig : _bPublicaciones de la Universidad de Alicante, _c2003. |
|
| 300 |
_a1 online resource (306 pages) : _bill., maps |
||
| 336 |
_atext _btxt _2rdacontent |
||
| 337 |
_acomputer _bc _2rdamedia |
||
| 338 |
_aonline resource _bcr _2rdacarrier |
||
| 490 | 1 |
_aSerie Arqueología. Anejo a la Revista Lucentum ; _v11 |
|
| 500 | _a"Anejo a la revista Lucentum ; 11"--P. [4] of cover. | ||
| 504 | _aIncludes bibliographical references (p. 212-234). | ||
| 650 | 0 |
_aIslamic coins _zSpain _zValencia (Region) _vCatalogs. |
|
| 655 | 0 | _aElectronic books. | |
| 791 | 2 |
_aDigitalia (Firm), _edistributor. |
|
| 830 | 0 |
_aAnejos de Lucentum ; _v11. |
|
| 830 | 0 | _aSerie Arqueología (Universidad de Alicante) | |
| 793 | 0 |
_gDigitalia eBook Collection: _aUniv. de Alicante. |
|
| 856 | 4 | 0 |
_3Digitalia Hispánica _uhttps://www.digitaliapublishing.com/a/618/ |
| 910 | _aPremium Collection: 2007-2012 | ||
| 942 | _cRAA | ||
| 999 |
_c229630 _d229630 |
||